Missing Word: 'H' Movies II Quiz Stats

 Plays Quiz Updated Mar 14, 2018

Challenge
Share
Tweet
Embed
Score 0/20 Timer 03:00
0 Plays Today
Movie Missing Word % Correct
______ Alone 2: Lost in New YorkHome
99.1%
______ Potter and the Sorcerer's StoneHarry
99.1%
______ to Train Your DragonHow
98.9%
______ PocusHocus
98.5%
The ______ Games: Catching FireHunger
98.5%
The ______ for Red OctoberHunt
95.4%
______ GilmoreHappy
94.7%
______ NoonHigh
94.5%
______, Dolly!Hello
92.4%
______ BakedHalf
90.1%
Movie Missing Word % Correct
The ______ Guide to the GalaxyHitchhiker's
90%
______ & Kumar Go to White CastleHarold
84.5%
______ FuzzHot
80.7%
______ BossesHorrible
80.5%
______ and Her SistersHannah
79.2%
______ of Flying DaggersHouse
74.6%
______ WeightsHeavy
69.5%
______ of StateHead
67.2%
______ Goes BananasHerbie
58.1%
The ______: The Battle of the Five ArmiesHobbit
55%

Today's Daily Dose

Word Ladder
Aquatic Life

On This Day
August 21st II

You're not logged in!

Compare scores with friends on all Sporcle quizzes.
Join for Free
OR
Log In

You Might Also Like...

Show Comments

Extras

Top Quizzes Today


Score Distribution

Your Account Isn't Verified!

In order to create a playlist on Sporcle, you need to verify the email address you used during registration. Go to your Sporcle Settings to finish the process.

Report this User

Report this user for behavior that violates our Community Guidelines.

Details: